000 00569nam a2200193Ia 4500
003 GCL
008 140319s9999 xx 000 0 ara d
040 _aGCL /
_cGCL
082 0 4 _a953.07393
_bم ص
100 1 _aمحمد فريد ابوحديد
245 1 0 _aصلاح الدين الايوبى وعصرة /
_cمحمد فريد ابوحديد
300 _a200 ص
490 _a
650 0 4 _aتاريخ
650 0 4 _aالتاريخ الاسلامى
650 0 4 _aالدولة الايوبية
650 0 4 _aصلاح الدين الايوبى
942 _2ddc
_cBK
999 _c45262
_d45262